| 000 | 00794cam a2200301 i 4500 | ||
|---|---|---|---|
| 001 | 0000451 | ||
| 003 | DO-SdBNP | ||
| 005 | 20180223104838.0 | ||
| 007 | 0000451 | ||
| 008 | 100514s 1999 sp a 000 f spa | ||
| 015 | _a | ||
| 017 |
_a _b |
||
| 020 | _a8420458031 | ||
| 035 | _a | ||
| 040 |
_aBPMSU _bspa _cBPMSU _e |
||
| 080 | _a | ||
| 082 | 4 |
_axxxxx _bxxxxx |
|
| 100 | 1 | _aAtxaga, Bernardo | |
| 245 | 1 | 4 |
_aLas bambulísticas historias de Bambulo amigos que cuentan / _cBernardo Atxaga ; ilustraciones Mikel Valverde |
| 260 |
_aMadrid : _bAlfaguara, _c1999. |
||
| 300 |
_a139 p. : _bil. ; _c20 cm. |
||
| 490 | 1 |
_aBambulo _v3 |
|
| 700 | 1 | 2 |
_aValverde, Mikel, _eil. |
| 830 | 0 |
_aBambulo _n3 |
|
| 942 |
_2ddc _cBK |
||
| 945 | _aInventariado, 2018 / BT | ||
| 956 |
_aYLOCKWARD _810 _cBPMSU |
||
| 999 |
_c10596 _d10596 |
||